| 000 | 00726nam a2200241Ia 4500 | ||
|---|---|---|---|
| 003 | OSt | ||
| 005 | 20220923221143.0 | ||
| 006 | a|||||r|||| 00| 0 | ||
| 007 | ta | ||
| 008 | 220922b |||||||| |||| 00| 0 hin d | ||
| 024 | _a195,640 | ||
| 037 | _cTextual | ||
| 040 |
_aARTS _cARTS _bhin |
||
| 041 |
_2hin _ahin |
||
| 082 | _aR39(Y), 152M4(EPH) | ||
| 100 | _aथाम्सन, जार्ज | ||
| 245 | 0 | _aमानवीय सारतत्व | |
| 246 | _aMānavīya sāratatva | ||
| 260 |
_aदिल्ली _b पीपुल्स लि0 _c1984 |
||
| 300 |
_a118पृ. _ccm. |
||
| 942 |
_hR39(Y), 152M4(EPH) _cTEXL _2CC |
||
| 999 |
_c347784 _d347784 |
||